Loading...
| Fine Arts - Auditory Fine Arts | 2 | 4 | 1 | 1 | 65 | 23 | 77.67 | 1 | 4 |
| Fine Arts - Other Fine Arts | 2 | 2 | 1 | 2 | 45 | 54 | 97.25 | 0 | 3 |
| Literature - World Literature | 1 | 3 | 0 | 0 | 45 | 60 | 90.50 | 0 | 3 |
| Philosophy | 0 | 4 | 0 | 0 | 40 | 73 | 104.25 | 0 | 2 |
| Literature - American Literature | 0 | 4 | 0 | 2 | 40 | 91 | 126.00 | 0 | 1 |
| Literature - British Literature | 0 | 4 | 0 | 0 | 40 | 83 | 101.75 | 2 | 2 |
| Religion | 0 | 4 | 1 | 1 | 35 | 93 | 112.75 | 1 | 2 |
| Literature - European Literature | 0 | 3 | 0 | 0 | 30 | 98 | 124.00 | 1 | 2 |
| Mythology | 1 | 2 | 1 | 0 | 30 | 51 | 106.00 | 1 | 2 |
| Fine Arts - Visual Fine Arts | 1 | 3 | 4 | 1 | 25 | 61 | 90.75 | 2 | 4 |
| History - American History | 0 | 2 | 0 | 1 | 20 | 93 | 104.00 | 0 | 1 |
| Social Science | 0 | 3 | 2 | 1 | 20 | 66 | 106.00 | 0 | 1 |
| History - Other History | 0 | 1 | 0 | 0 | 10 | 127 | 127.00 | 0 | 1 |
| Science - Physics | 0 | 1 | 0 | 0 | 10 | 55 | 55.00 | 1 | 1 |
| Science - Biology | 0 | 1 | 1 | 0 | 5 | 67 | 67.00 | 0 | 1 |
| History - European History | 0 | 1 | 1 | 0 | 5 | 125 | 125.00 | 0 | 1 |
| Science - Chemistry | 0 | 1 | 2 | 0 | 0 | 82 | 82.00 | 1 | 1 |
| History - World History | 0 | 1 | 2 | 0 | 0 | 68 | 68.00 | 0 | 1 |